| 000 | 00815nam a22002537a 4500 | ||
|---|---|---|---|
| 005 | 2010080205235.0 | ||
| 010 | _aENG-97732 | ||
| 020 |
_a9788190924689 _c400.00 |
||
| 035 | _aEN-81265 | ||
| 037 | _bDBAD/PUB | ||
| 082 | _a380 | ||
| 245 |
_aFacets of commerce / _cedited by M. Ashok Kumar [and] K. Parimala Kanthi |
||
| 260 |
_aHosur _c2010 _bS. S. Publishers |
||
| 270 |
_aPlot No. 53, Samathanapuram _bHosur _e653126 |
||
| 300 |
_a300 p. _c26cm (Pbk) |
||
| 650 |
_aFinance _94822 |
||
| 650 |
_aCommerce _94823 |
||
| 650 |
_aHumun resoure _94824 |
||
| 650 |
_aMarketing _94825 |
||
| 700 |
_94162 _a M. Ashok Kumar |
||
| 700 |
_aKanthi, K. Parimala _94666 |
||
| 942 |
_2ddc _cEN _h380 _mFAC |
||
| 999 |
_c38824 _d38824 |
||